000 00270nam a2200109Ia 4500
005 20251222153607.0
008 251222s9999||||xx |||||||||||||| ||spa||
082 _a940.21/P45/T.3
100 _a"Pérez Hervás, José"
245 0 _aHistoria del renacimiento
942 _cLIB
999 _c31456
_d31456